| 000 | 00562nam a22001817a 4500 | ||
|---|---|---|---|
| 003 | CEME | ||
| 005 | 20210628203013.0 | ||
| 008 | 210119b xxu||||| |||| 00| 0 eng d | ||
| 020 | _a0-471-52638-X | ||
| 040 | _c. | ||
| 082 | _a512.15 SHI | ||
| 100 |
_aShifrin, Theodore _962820 |
||
| 245 | _aMultivariable mathematics, linear algebra, multivariable calculus and manifolds | ||
| 260 |
_aNEW YORK _bJOHN WILEY _c2005 |
||
| 300 | _aIX,492 P | ||
| 650 |
_aMULTIVARIABLE MATHEMATICS.LINEAR ALGEBRA, MULTIVARIABLE CALCULUS AND MANIFOLDS _962821 |
||
| 942 |
_cBK _2ddc |
||
| 999 |
_c571799 _d571799 |
||